イントロクイズ #2 - Statistics

General Stats
  • This quiz has been taken 1,205 times
  • The average score is 6 of 20
Answer Stats
Intro Answer % Correct
曲がりくねりはしゃいだ道 青葉の森で駆け回る パプリカ
78%
強くなれる理由を知った 僕を連れて進め 紅蓮華
73%
半端ならKO ふわふわしたいならどうぞ
72%
空は青く澄み渡り 海を目指して歩く RPG
61%
YouTube YouTube Broadcast Yourself Yeah! YouTubeテーマソング
48%
エマージェンシー 0時 奴らはクレイジー・インザ・タウン グッバイ宣言
47%
風の強さがちょっと 心を揺さぶり過ぎて マリーゴールド
47%
「"わたし"は今 どこにあるの」と YELL
35%
放て!心に刻んだ夢を 未来さえ置き去りにして only my railgun
17%
過ぎてゆく時の中 あなたを思い出す ハルジオン
16%
君は来るだろうか 明日のクラス会に 青いベンチ
12%
向かい風の中で 嘆いてるよりも Happiness
12%
あの場所目掛け 皆で駆け出せ 友よ~この先もずっと…
10%
コツコツとアスファルトに刻む 足音を踏みしめる度に とんぼ
8%
Woo smile together, smile together 世界はあなたに笑いかけている
8%
目が覚めたら○○○がそこに 転がってった 人生リセットボタン
7%
カレンダーより早く シャツの袖口まくって ポニーテールとシュシュ
7%
I don't wanna know 下手な真実なら EXCITE
5%
太陽が射しこむ街で目を覚ます TOKYO GIRL
3%
今日から君が歩いてく 新しい未来への道 Dear Bride
2%
No matching quizzes found
Score Distribution
Percent of People with Each Score
Percentile by Number Answered
Your Score History
You have not taken this quiz